[Event "BOL-ch U16 Girls"]
[Site "Cochabamba"]
[Date "2023.01.14"]
[Round "4"]
[White "Rojas Ramos, Lesli Meliza"]
[Black "Valda Quelali, Britany Nicole"]
[Result "1-0"]
[WhiteElo "1223"]
[BlackElo "1274"]
[PlyCount "75"]
[EventDate "2023.01.13"]
[EventType "swiss"]
[EventRounds "7"]
[EventCountry "BOL"]
[SourceTitle "EXT 2024"]
[Source "ChessBase"]
[SourceDate "2023.10.10"]
[SourceVersion "1"]
[SourceVersionDate "2023.10.10"]
[SourceQuality "1"]

1. e4 c5 2. Nf3 g6 3. d4 cxd4 4. Nxd4 Bg7 5. c4 Nc6 6. Be3 d6 7. Be2 Nf6 8. Nc3 0-0 9. 0-0 Bd7 10. b3 Ne5 11. h3 Bc6 12. f4 Ned7 13. Nxc6 bxc6 14. Qd2 Qc7 15. g4 e6 16. Rad1 Qa5 17. Qc2 Ne8 18. Na4 Rc8 19. e5 d5 20. cxd5 exd5 21. Nc5 Nb8 22. g5 Kh8 23. Bg4 Rc7 24. h4 Qb4 25. Rf2 Bxe5 26. Bd2 Qd4 27. Be1 Qb2 28. Qxb2 Bxb2 29. Rxb2 Nd6 30. Re2 Nb5 31. a4 Nd6 32. Ba5 Ne4 33. Nxe4 Re7 34. Bb4 Rfe8 35. Bxe7 Rxe7 36. Nf6 Rb7 37. Re8+ Kg7 38. Rg8# 1-0

[Event "BOL-ch U16 Girls"]
[Site "Cochabamba"]
[Date "2023.01.13"]
[Round "1"]
[White "Valda Quelali, Britany Nicole"]
[Black "Silicuana Quispe, Katerin"]
[Result "1-0"]
[WhiteElo "1274"]
[BlackElo "1072"]
[PlyCount "55"]
[EventDate "2023.01.13"]
[EventType "swiss"]
[EventRounds "7"]
[EventCountry "BOL"]
[SourceTitle "EXT 2024"]
[Source "ChessBase"]
[SourceDate "2023.10.10"]
[SourceVersion "1"]
[SourceVersionDate "2023.10.10"]
[SourceQuality "1"]

1. e4 e5 2. Nf3 Nc6 3. Bc4 Bc5 4. c3 Nf6 5. d4 exd4 6. cxd4 Bb4+ 7. Bd2 Bxd2+ 8. Nbxd2 d5 9. exd5 Qe7+ 10. Qe2 Qxe2+ 11. Kxe2 Na5 12. Bb5+ c6 13. dxc6 bxc6 14. Bd3 0-0 15. Rhc1 Nd5 16. Kd1 Rb8 17. b3 Bg4 18. h3 Bxf3+ 19. Nxf3 Rb6 20. g3 Nb4 21. Bc4 Re8 22. Ne5 Re7 23. a3 Nxc4 24. Rxc4 Nd5 25. b4 Rc7 26. Rac1 h6 27. Rc5 Ne7 28. d5 1-0

[Event "La Paz op"]
[Site "La Paz"]
[Date "2022.09.18"]
[Round "7"]
[White "Yujra Paredez, Ignacio Tadeo"]
[Black "Valda Quelali, Britany Nicole"]
[Result "1-0"]
[WhiteElo "1533"]
[BlackElo "1265"]
[PlyCount "127"]
[EventDate "2022.09.15"]
[EventType "swiss"]
[EventRounds "7"]
[EventCountry "BOL"]
[SourceTitle "EXT 2023"]
[Source "ChessBase"]
[SourceDate "2022.10.05"]
[SourceVersion "1"]
[SourceVersionDate "2022.10.05"]
[SourceQuality "1"]

1. e4 c5 2. Nc3 Nc6 3. g3 b6 4. Bg2 Bb7 5. f4 Nd4 6. Nge2 Nxe2 7. Nxe2 f5 8. d3 fxe4 9. dxe4 g6 10. 0-0 Bg7 11. f5 Nf6 12. fxg6 hxg6 13. Nf4 Nxe4 14. c3 0-0 15. Nxg6 Rxf1+ 16. Qxf1 Bc6 17. Qe2 Nf6 18. Nxe7+ Kf7 19. Nxc6 dxc6 20. Bg5 Qd6 21. Rf1 Rf8 22. Qc4+ Kg6 23. Bf4 Qd7 24. Be4+ Nxe4 25. Qxe4+ Qf5 26. Qxc6+ Rf6 27. Qe8+ Kh7 28. Qe2 Re6 29. Qf3 Qc2 30. Be3 Re5 31. Bc1 b5 32. Qf2 Re2 33. Qf5+ Qxf5 34. Rxf5 Bh6 35. Bxh6 Kxh6 36. Rf2 Re1+ 37. Kg2 b4 38. cxb4 cxb4 39. Kf3 a5 40. b3 Kh5 41. Re2 Rf1+ 42. Kg2 Rf5 43. h3 Rg5 44. Rf2 Re5 45. Kf3 Rf5+ 46. Ke3 Re5+ 47. Kd4 Rg5 48. Rf5 Rxf5 49. g4+ Kg5 50. gxf5 Kxf5 51. Kc5 Kg5 52. Kb5 Kh4 53. Kxa5 Kxh3 54. Kxb4 Kg4 55. a4 Kf5 56. a5 Ke5 57. a6 Kd5 58. a7 Kd4 59. a8Q Kd3 60. Qd5+ Kc2 61. Kc4 Kb2 62. Qd2+ Ka3 63. b4 Ka4 64. Qa2# 1-0

[Event "La Paz op"]
[Site "La Paz"]
[Date "2022.09.17"]
[Round "6"]
[White "Valda Quelali, Britany Nicole"]
[Black "Ameller Flores, Catalina"]
[Result "1-0"]
[WhiteElo "1265"]
[BlackElo "1142"]
[PlyCount "71"]
[EventDate "2022.09.15"]
[EventType "swiss"]
[EventRounds "7"]
[EventCountry "BOL"]
[SourceTitle "EXT 2023"]
[Source "ChessBase"]
[SourceDate "2022.10.05"]
[SourceVersion "1"]
[SourceVersionDate "2022.10.05"]
[SourceQuality "1"]

1. e4 e6 2. d4 b6 3. g3 Bb7 4. Bg2 Nf6 5. Bg5 h6 6. Bxf6 gxf6 7. Bf3 d6 8. Nc3 Nd7 9. Qd2 Be7 10. 0-0-0 c6 11. h4 Qc7 12. Bh5 Rh7 13. d5 0-0-0 14. dxc6 Qxc6 15. Nge2 Nc5 16. Nd4 Qd7 17. f3 Rg8 18. Bg4 h5 19. Bh3 Rxg3 20. Rdg1 Rxg1+ 21. Rxg1 a6 22. b4 Na4 23. Nxa4 Qxa4 24. Qc3+ Kd7 25. b5 axb5 26. Nf5 b4 27. Qd4 Qa3+ 28. Kb1 Qxf3 29. Nxe7 Kxe7 30. Qxb6 Qc3 31. Qxb7+ Kf8 32. Bxe6 fxe6 33. Qxh7 Qe1+ 34. Rxe1 Ke8 35. Rg1 Kd8 36. Rg8# 1-0

[Event "La Paz op"]
[Site "La Paz"]
[Date "2022.09.15"]
[Round "1"]
[White "Valda Quelali, Britany Nicole"]
[Black "Monroy Garzon, Nataly Alejandra"]
[Result "0-1"]
[WhiteElo "1265"]
[BlackElo "1906"]
[PlyCount "66"]
[EventDate "2022.09.15"]
[EventType "swiss"]
[EventRounds "7"]
[EventCountry "BOL"]
[SourceTitle "EXT 2023"]
[Source "ChessBase"]
[SourceDate "2022.10.05"]
[SourceVersion "1"]
[SourceVersionDate "2022.10.05"]
[SourceQuality "1"]

1. e4 c5 2. c4 Nc6 3. Nf3 g6 4. Nc3 Bg7 5. d3 e6 6. g3 Nge7 7. Bg2 0-0 8. 0-0 a6 9. Re1 b6 10. e5 d5 11. exd6 Qxd6 12. Bf4 Qd8 13. Ne5 Bb7 14. h4 Ra7 15. Nxc6 Bxc6 16. Rb1 Bxg2 17. Kxg2 Rd7 18. Re3 Nf5 19. Rf3 Nd4 20. Re3 Qa8+ 21. Kg1 e5 22. Nd5 exf4 23. Nxb6 Qc6 24. Nxd7 fxe3 25. fxe3 Qxd7 26. exd4 Qxd4+ 27. Kf1 Re8 28. Qf3 Re3 29. Qa8+ Bf8 30. Kg2 Re2+ 31. Kh3 Qd7+ 32. g4 Qxd3+ 33. Qf3 Qxf3# 0-1